Психология и разработка рекламной продукции: учебное пособие для вузов

Bibliographic Details
Main Author: Капран В. И. Владимир Иванович
Other Authors: Капран О. В. Оксана Владимировна
Summary:В учебном пособии представлен оригинальный авторский подход к исследованию одной из наиболее актуальных междисциплинарных проблем — проблеме психологических механизмов рекламного воздействия. Показана важная роль бессознательной сферы психики в деятельности человека. На основе экспериментальных исследований, убедительно доказывающих роль бессознательной сферы психики в восприятии и анализе человеком зрительной информации и в принятии им решения, излагаются пути и методы усиления рекламного воздействия путем использования в ней неосознаваемых механизмов воздействия цвета, гештальтструктур и нейролингвистического программирования. Для студентов высших учебных заведений. Может быть полезно специалистам по созданию рекламной продукции.
Language:Russian
Published: Москва, Академия, 2008
Series:Высшее профессиональное образование. Психология
Subjects:
Format: Book
KOHA link:https://koha.lib.tpu.ru/cgi-bin/koha/opac-detail.pl?biblionumber=130265

MARC

LEADER 00000nam0a2200000 4500
001 130265
005 20231031133839.0
010 |a 9785769542114 
035 |a (RuTPU)RU\TPU\book\141085 
090 |a 130265 
100 |a 20080201d2008 m y0rusy50 ca 
101 0 |a rus 
102 |a RU 
105 |a a j 001zy 
200 1 |a Психология и разработка рекламной продукции  |e учебное пособие для вузов  |f В. И. Капран, О. В. Капран 
210 |a Москва  |c Академия  |d 2008 
215 |a 240 с.  |c ил. 
225 1 |a Высшее профессиональное образование. Психология 
320 |a Библиография в конце глав. 
330 |a В учебном пособии представлен оригинальный авторский подход к исследованию одной из наиболее актуальных междисциплинарных проблем — проблеме психологических механизмов рекламного воздействия. Показана важная роль бессознательной сферы психики в деятельности человека. На основе экспериментальных исследований, убедительно доказывающих роль бессознательной сферы психики в восприятии и анализе человеком зрительной информации и в принятии им решения, излагаются пути и методы усиления рекламного воздействия путем использования в ней неосознаваемых механизмов воздействия цвета, гештальтструктур и нейролингвистического программирования. Для студентов высших учебных заведений. Может быть полезно специалистам по созданию рекламной продукции. 
610 1 |a психология 
610 1 |a реклама 
610 1 |a творчество 
610 1 |a рекламная продукция 
610 1 |a разработка 
610 1 |a зрительное восприятие 
610 1 |a бессознательное 
610 1 |a товарные знаки 
610 1 |a рекламные символы 
610 1 |a нейролингвистическое программирование 
610 1 |a психологическое воздействие 
610 1 |a цвет 
610 1 |a учебные пособия 
675 |a 659(075.8)  |v 3 
686 |a Ю945я73  |v LBC/SL-A  |2 rubbk 
700 1 |a Капран  |b В. И.  |g Владимир Иванович 
701 1 |a Капран  |b О. В.  |g Оксана Владимировна 
801 1 |a RU  |b 63413507  |c 20080201  |g PSBO 
801 2 |a RU  |b 63413507  |c 20150618  |g PSBO 
900 |a Психология рекламы 
942 |c BK 
951 |b 030300  |b 030301 
959 |a 12/20080201  |d 2  |e 0  |f АНЛ:1  |f ЧЗГЛ:1 
959 |a 20/20100322  |d 2  |e 312,40  |f УФ:2